000 01068cam a2200289 i 4500
001 22729992
003 EG-ScBUE
005 20250513105145.0
008 220730s2022 nyu f 000 1 eng d
020 _a9781408728512
040 _aDLC
_beng
_erda
_cDLC
_dEG-ScBUE
082 0 4 _a813.6
_222
_bMCF
100 1 _aMcFadden, Freida,
_eauthor.
245 1 4 _aThe housemaid /
_cFreida McFadden.
250 _aFirst Grand Central Publishing edition.
264 1 _aLondon :
_bBookouture,
_c2022.
300 _a328 pages ;
_c21 cm
336 _atext
_btxt
_2rdacontent
337 _aunmediated
_bn
_2rdamedia
338 _avolume
_bnc
_2rdacarrier
650 7 _2BUEsh
_aEnglish fiction
_y21th century.
653 _cMay2025
_bHHUUEENN
655 _vReading book
906 _a7
_bcbc
_corignew
_d2
_eepcn
_f20
_gy-gencatlg
942 _2ddc
_cBB
999 _c30979
_d30950